Хаджи Димитър 1840-1940 : Специално изд. на в. Изток (Запис номер 345093)
[ съкратено ]
| 000 -Лидер | |
|---|---|
| Контролно поле с фиксирана дължина | nas a22 a 4500 |
| 003 - Код на организацията, давaща контролен номер | |
| Контролно поле | BLK |
| 005 - Дата и час на последна редакция | |
| Контролно поле | 20220414120601.0 |
| 008 - Елементи от данни с фиксирана дължина | |
| fixed length control field | 190915d |||n|r|||| 00| c0bul d |
| 010 ## - Наследен системен номер | |
| LC control number | 000132 |
| 040 ## - Източник на каталожния запис | |
| Идентификатор на билиотеката - собственик на записа | BLK |
| 041 ## - Код за език | |
| Код за езика на текст/звукозапис или на отделно заглавие | Български |
| Код за езика КДБФ | Български |
| 080 ## - УДК | |
| Текстов определител УДК | Димитър Николов Асенов. Български войвода |
| УДК определител | 929 Хаджи Димитър |
| УДК код - определител по УДК | 929 Хаджи Димитър |
| 110 ## - Редна дума - колетивен орган | |
| 9 (RLIN) | 473247 |
| Редна дума - наименование на организация или юридическо лице | Изд. на в. Изток - Сливен |
| 245 10 - Сведения за заглавието | |
| Заглавие | Хаджи Димитър 1840-1940 : Специално изд. на в. Изток |
| Дата на създаване на произведението | 30 юни 1940 |
| 260 ## - Област на издателските данни | |
| Място на издаване, разпространение и проч. | Сливен |
| Име на издателя, разпространителя и проч. | в. Изток |
| Година на издаване | 1940 |
| 300 ## - Физическа характеристика | |
| Страници | 4 с. |
| Размери/Мащаб | 50 см. |
| 380 ## - Жанр | |
| Жанр | История |
| 490 ## - СЕРИИ (Колекции) | |
| Име на серия | Частна колекция - Академик Михаил Арнаудов |
| Бележки за серията | Дарение - Основен фонд |
| 520 ## - Забележка за наличие на резюме, анотация и т.н | |
| Анотация, рецензия, сканиран текст | Михаил Арнаудов: подпис |
| 650 ## - Допълнително описание по предмет – тема | |
| Основно описание – тема или топоним | История |
| 9 (RLIN) | 401114 |
| 650 #4 - Допълнително описание по предмет – тема | |
| Основно описание – тема или топоним | български печат |
| 9 (RLIN) | 401115 |
| 852 ## - Местоположение | |
| Форматна сигнатура | МА 4689 |
| Фондова буква | Фонд "Михаил Арнаудов" |
| 999 ## - СИСТЕМНИ КОНТРОЛНИ НОМЕРА | |
| Koha biblionumber | 345093 |
| Koha biblioitemnumber | 345093 |
| 942 ## - АРТИКУЛИ | |
| Вид на библиотечния материал | Единични листове |
| Скрит в OPAC | Не |
| Периодичен библиозапис | Да |
| 999 ## - СИСТЕМНИ КОНТРОЛНИ НОМЕРА | |
| Koha biblioitemnumber | 345093 |
| 999 ## - СИСТЕМНИ КОНТРОЛНИ НОМЕРА | |
| Koha biblioitemnumber | 345093 |
| 999 ## - СИСТЕМНИ КОНТРОЛНИ НОМЕРА | |
| Koha biblioitemnumber | 345093 |
| 999 ## - СИСТЕМНИ КОНТРОЛНИ НОМЕРА | |
| Koha biblioitemnumber | 345093 |
| 999 ## - СИСТЕМНИ КОНТРОЛНИ НОМЕРА | |
| Koha biblioitemnumber | 345093 |
| 999 ## - СИСТЕМНИ КОНТРОЛНИ НОМЕРА | |
| Koha biblioitemnumber | 345093 |
| 999 ## - СИСТЕМНИ КОНТРОЛНИ НОМЕРА | |
| Koha biblioitemnumber | 345093 |
| 999 ## - СИСТЕМНИ КОНТРОЛНИ НОМЕРА | |
| Koha biblioitemnumber | 345093 |
| 999 ## - СИСТЕМНИ КОНТРОЛНИ НОМЕРА | |
| Koha biblioitemnumber | 345093 |
| 999 ## - СИСТЕМНИ КОНТРОЛНИ НОМЕРА | |
| Koha biblioitemnumber | 345093 |
| 999 ## - СИСТЕМНИ КОНТРОЛНИ НОМЕРА | |
| Koha biblioitemnumber | 345093 |
| 999 ## - СИСТЕМНИ КОНТРОЛНИ НОМЕРА | |
| Koha biblioitemnumber | 345093 |
| 999 ## - СИСТЕМНИ КОНТРОЛНИ НОМЕРА | |
| Koha biblioitemnumber | 345093 |
| 999 ## - СИСТЕМНИ КОНТРОЛНИ НОМЕРА | |
| Koha biblioitemnumber | 345093 |
| 999 ## - СИСТЕМНИ КОНТРОЛНИ НОМЕРА | |
| Koha biblioitemnumber | 345093 |
| Код за отписване | Код за изгубен артикул | Източник на класификационната схема | Код за повреда | Коз за рестрикции | Код за отдаване | Артикулен № | Име на библиотеката - собственик | Име на библиотеката, в която се намира в момента | Статус (Текущо местоположение) | Местоположение - отдел | Цена в лева | Номерация (Хронология) | Инвентарен номер | Систематично азбучна сигнатура | Баркод | Цена в евро | Служебна бележка | Служебен тип на артикула | Бележка за публиката |
|---|---|---|---|---|---|---|---|---|---|---|---|---|---|---|---|---|---|---|---|
| Не е изгубен | Universal Decimal Classification | Не е повреден | само за читалня | Специални фондове ( старопечатни, редки и ценни, фонд М. Арнаудов) | 745950 | Регионална библиотека "Любен Каравелов" Русе | Регионална библиотека "Любен Каравелов" Русе | Фонд "Михаил Арнаудов" | Фонд "Михаил Арнаудов" | 0.01 | брой № 276 | 552562 | МА 4689 | 130000552562 | 0.01 | година 6 | Единични листове | Год. на изд.: 1940 |